LEADER 01002nam2 22002893i 450 001 MIL0087720 005 20251003044222.0 010 $a8815028986 100 $a19961106d1991 ||||0itac50 ba 101 | $aita 102 $ait 181 1$6z01$ai $bxxxe 182 1$6z01$an 183 1$6z01$anc$2RDAcarrier 200 0 $a2$fJose Antonio Maravall 210 $aBologna$cIl mulino$d\1991! 215 $a708 p.$d22 cm. 461 1$1001CFI0209806$12001 $aStato moderno e mentalità sociale$fJosé Antonio Maravall$v2 676 $a909$9STORIA MONDIALE$v23 700 1$aMaravall$b, José Antonio$3CFIV008379$4070$0194977 790 1$aMaravall Casesnoves$b, José Antonio$3USMV907498$zMaravall, José Antonio 801 3$aIT$bIT-000000$c19961106 850 $aIT-BN0095 $aIT-SA0060 $aIT-AV0011 $aIT-NA0070 $aIT-NA0120 $aIT-NA0452 912 $aMIL0087720 977 $a 27$a AH$a BU$a CR$a IS 996 $a2$92898962 997 $aUNISANNIO LEADER 03511nam 22006975 450 001 9910299906203321 005 20251116195501.0 010 $a981-10-8515-3 024 7 $a10.1007/978-981-10-8515-4 035 $a(CKB)4100000002892695 035 $a(MiAaPQ)EBC5358159 035 $a(DE-He213)978-981-10-8515-4 035 $a(PPN)225547686 035 $a(EXLCZ)994100000002892695 100 $a20180306d2018 u| 0 101 0 $aeng 135 $aurcnu|||||||| 181 $ctxt$2rdacontent 182 $cc$2rdamedia 183 $acr$2rdacarrier 200 10$aSustainable Innovations in Recycled Textiles /$fedited by Subramanian Senthilkannan Muthu 205 $a1st ed. 2018. 210 1$aSingapore :$cSpringer Singapore :$cImprint: Springer,$d2018. 215 $a1 online resource (88 pages) 225 1 $aTextile Science and Clothing Technology,$x2197-9863 311 08$a981-10-8514-5 327 $aRecycled Cotton from Denim Cut Waste -- Sustainable apparel production from recycled fabric waste -- An Avant-Garde Collection Inspired by the Global Water Crisis: Recycling Waste to Aesthetic Garments. 330 $aThis book highlights the environmental and economic benefits of recycling in textiles and fashion; vis-a-vis virgin textiles. Recycling plays an inevitable part when it comes to sustainable innovations in textiles and fashion sector. As basic information pertaining to the benefits, challenges of recycling in textiles are discussed to the sufficient extent in the literature, this book deals with the innovative at the same time, sustainable products made from the recycled textiles. 410 0$aTextile Science and Clothing Technology,$x2197-9863 606 $aTextile industry 606 $aEnvironmental chemistry 606 $aBusiness logistics 606 $aMaterials science 606 $aIndustrial engineering 606 $aProduction engineering 606 $aChemical engineering 606 $aTextile Engineering$3https://scigraph.springernature.com/ontologies/product-market-codes/C24000 606 $aEnvironmental Chemistry$3https://scigraph.springernature.com/ontologies/product-market-codes/U15000 606 $aSupply Chain Management$3https://scigraph.springernature.com/ontologies/product-market-codes/519030 606 $aCharacterization and Evaluation of Materials$3https://scigraph.springernature.com/ontologies/product-market-codes/Z17000 606 $aIndustrial and Production Engineering$3https://scigraph.springernature.com/ontologies/product-market-codes/T22008 606 $aIndustrial Chemistry/Chemical Engineering$3https://scigraph.springernature.com/ontologies/product-market-codes/C27000 615 0$aTextile industry. 615 0$aEnvironmental chemistry. 615 0$aBusiness logistics. 615 0$aMaterials science. 615 0$aIndustrial engineering. 615 0$aProduction engineering. 615 0$aChemical engineering. 615 14$aTextile Engineering. 615 24$aEnvironmental Chemistry. 615 24$aSupply Chain Management. 615 24$aCharacterization and Evaluation of Materials. 615 24$aIndustrial and Production Engineering. 615 24$aIndustrial Chemistry/Chemical Engineering. 676 $a677.00286 702 $aMuthu$b Subramanian Senthilkannan$4edt$4http://id.loc.gov/vocabulary/relators/edt 906 $aBOOK 912 $a9910299906203321 996 $aSustainable Innovations in Recycled Textiles$92513033 997 $aUNINA